[Event "Rethymnon op 3rd"]
[Site "Rethymnon"]
[Date "2011.07.12"]
[Round "2"]
[White "Myrstad, Odd Magnus"]
[Black "Ashwin, Jayaram"]
[Result "0-1"]
[WhiteElo "2111"]
[BlackElo "2449"]
[PlyCount "108"]
[EventDate "2011.07.11"]
[EventType "swiss"]
[EventRounds "9"]
[EventCountry "GRE"]
[SourceTitle "OM OTB B 201907"]
[Source "Opening Master"]
[SourceDate "2019.07.06"]
[SourceVersion "2"]
[SourceVersionDate "2019.07.06"]
[SourceQuality "1"]

1. e4 c5 2. Nf3 d6 3. d4 cxd4 4. Nxd4 Nf6 5. Nc3 Nc6 6. Be2 e5 7. Nb3 Be7 8.
O-O O-O 9. Kh1 a5 10. a4 Nb4 11. f4 Bd7 12. Be3 Qc7 13. Rc1 Bc6 14. Bd3 b6 15.
Nd2 Qb7 16. Qf3 Nd7 17. Qh3 exf4 18. Bxf4 Ne5 19. Bb5 Bf6 20. Bh6 Be7 21. Qg3
Ng6 22. Bg5 Rac8 23. h4 h6 24. Bxe7 Qxe7 25. h5 Ne5 26. Rf5 Bb7 27. Nf3 Rc5 28.
Nd4 Bc8 29. Rf4 Qg5 30. Nf5 Bxf5 31. Qxg5 hxg5 32. Rxf5 f6 33. Rd1 Rd8 34. Rf2
Kf7 35. Rfd2 Ke7 36. Nd5+ Nxd5 37. exd5 Rh8 38. c3 Rxh5+ 39. Kg1 Rc8 40. Be2
Rh4 41. Rd4 f5 42. Rxh4 gxh4 43. Rd4 g5 44. Kf2 Rh8 45. b4 h3 46. Rd1 hxg2 47.
Kxg2 Rc8 48. bxa5 bxa5 49. Rh1 g4 50. Rh7+ Kf6 51. c4 Nxc4 52. Ra7 Ke5 53. Bxc4
Rxc4 54. Rxa5 f4 0-1

[Event "Karvina op"]
[Site "Karvina"]
[Date "2011.07.09"]
[Round "8"]
[White "Plat, Vojtech"]
[Black "Rojicek, Vojtech"]
[Result "1/2-1/2"]
[WhiteElo "2410"]
[BlackElo "2396"]
[PlyCount "20"]
[EventDate "2011.07.02"]
[EventType "swiss"]
[EventRounds "9"]
[EventCountry "CZE"]
[SourceTitle "OM OTB B 201907"]
[Source "Opening Master"]
[SourceDate "2019.07.06"]
[SourceVersion "2"]
[SourceVersionDate "2019.07.06"]
[SourceQuality "1"]

1. e4 c5 2. Nf3 d6 3. d4 cxd4 4. Nxd4 Nf6 5. Nc3 Nc6 6. Be2 e5 7. Nb3 Be7 8.
Bg5 O-O 9. O-O Nxe4 10. Nxe4 Bxg5 1/2-1/2

[Event "Karvina op"]
[Site "Karvina"]
[Date "2011.07.06"]
[Round "5"]
[White "Plat, Vojtech"]
[Black "Cvek, Robert"]
[Result "1/2-1/2"]
[WhiteElo "2410"]
[BlackElo "2506"]
[PlyCount "24"]
[EventDate "2011.07.02"]
[EventType "swiss"]
[EventRounds "9"]
[EventCountry "CZE"]
[SourceTitle "OM OTB B 201907"]
[Source "Opening Master"]
[SourceDate "2019.07.06"]
[SourceVersion "2"]
[SourceVersionDate "2019.07.06"]
[SourceQuality "1"]

1. e4 c5 2. Nf3 Nc6 3. d4 cxd4 4. Nxd4 Nf6 5. Nc3 d6 6. Be2 e5 7. Nb3 Be7 8.
O-O O-O 9. Bg5 Nxe4 10. Nxe4 Bxg5 11. Nxd6 Be7 12. Nxc8 Rxc8 1/2-1/2

[Event "It (open) (b)"]
[Site "Wroclaw (Poland)"]
[Date "2011.07.06"]
[Round "4"]
[White "Zysko, Teresa"]
[Black "Skrzypinski, Maciej"]
[Result "0-1"]
[WhiteElo "1723"]
[BlackElo "1742"]
[PlyCount "80"]
[EventDate "2011.??.??"]
[EventRounds "9"]
[EventCountry "POL"]
[SourceTitle "OM OTB B 201907"]
[Source "Opening Master"]
[SourceDate "2019.07.06"]
[SourceVersion "2"]
[SourceVersionDate "2019.07.06"]
[SourceQuality "1"]

1. e4 c5 2. Nf3 Nc6 3. d4 cxd4 4. Nxd4 Nf6 5. Nc3 d6 6. Be2 e5 7. Nb3 Be7 8.
O-O O-O 9. Bc4 Be6 10. Bd5 a5 11. Re1 a4 12. Nd2 Bxd5 13. Nxd5 Nxd5 14. exd5
Nb4 15. Nc4 b5 16. Ne3 Na6 17. Qg4 Kh8 18. Nf5 Bf6 19. Re3 g6 20. Rh3 Qc8 21.
Bg5 Bxg5 22. Qxg5 Qxf5 23. Qh6 g5 24. Qxd6 Rfd8 25. Qc6 Nb4 26. Qxb5 Nxc2 27.
Rd1 Nd4 28. Qc4 Qc2 29. Qf1 Qxb2 30. Qe1 Qe2 31. Qxe2 Nxe2+ 32. Kf1 Nf4 33. Rf3
Rxd5 34. Rxd5 Nxd5 35. Rxf7 Nc3 36. Rf5 Nxa2 37. Rxe5 Nc3 38. Re1 a3 39. Ra1 a2
40. Ke1 Rd8 0-1

[Event "Niedersachsen-ch Seniors op 14th"]
[Site "Bad Bevensen"]
[Date "2011.07.06"]
[Round "2"]
[White "Segelken, Peter"]
[Black "Eidelmann, Vova"]
[Result "1-0"]
[WhiteElo "1735"]
[BlackElo "1909"]
[PlyCount "79"]
[EventDate "2011.07.05"]
[EventType "swiss"]
[EventRounds "9"]
[EventCountry "GER"]
[SourceTitle "OM OTB B 201907"]
[Source "Opening Master"]
[SourceDate "2019.07.06"]
[SourceVersion "2"]
[SourceVersionDate "2019.07.06"]
[SourceQuality "1"]

1. e4 c5 2. Nc3 Nc6 3. Nf3 d6 4. d4 cxd4 5. Nxd4 Nf6 6. Be2 e5 7. Nb3 Be7 8.
O-O O-O 9. Be3 Be6 10. Qd2 d5 11. exd5 Nxd5 12. Nxd5 Bxd5 13. Rad1 Bxb3 14.
axb3 Qxd2 15. Rxd2 Rfd8 16. Rfd1 Rxd2 17. Rxd2 Rd8 18. Rxd8+ Bxd8 19. Bb5 Bb6
20. Bxc6 bxc6 21. Kf1 f5 22. Ke2 Kf7 23. b4 Ke6 24. c4 h6 25. Bd2 g5 26. f3 e4
27. fxe4 fxe4 28. g4 Bd4 29. b3 a6 30. Be1 Bg1 31. Bg3 Bd4 32. Be1 Kd6 33. Bg3+
Ke6 34. Bc7 Bg1 35. Kf1 Bd4 36. Ke2 Bc3 37. Ke3 Bxb4 38. Kxe4 Bc5 39. Be5 Bf8
40. h3 1-0

[Event "IND-chB (Women) 38th"]
[Site "Chennai"]
[Date "2011.07.05"]
[Round "5"]
[White "Pammi, Rani"]
[Black "Sandhya, G."]
[Result "1/2-1/2"]
[WhiteElo "1620"]
[BlackElo "1828"]
[PlyCount "128"]
[EventDate "2011.07.02"]
[EventType "swiss"]
[EventRounds "11"]
[EventCountry "IND"]
[SourceTitle "OM OTB B 201907"]
[Source "Opening Master"]
[SourceDate "2019.07.06"]
[SourceVersion "2"]
[SourceVersionDate "2019.07.06"]
[SourceQuality "1"]

1. e4 c5 2. Nf3 d6 3. d4 cxd4 4. Nxd4 Nf6 5. Nc3 Nc6 6. Be2 e5 7. Nb3 Be7 8.
O-O O-O 9. Be3 a5 10. a4 Nb4 11. f3 d5 12. exd5 Nfxd5 13. Nxd5 Nxd5 14. Bf2 Bg5
15. Bc4 Ne3 16. Qxd8 Rxd8 17. Bxe3 Bxe3+ 18. Kh1 Bg5 19. Rfe1 Bf6 20. Rad1 Bf5
21. Rxd8+ Rxd8 22. Nxa5 Bxc2 23. Nxb7 Rb8 24. Nd6 Bxa4 25. Nxf7 Bb3 26. Nxe5+
Bxc4 27. Nxc4 Bxb2 28. Nxb2 Rxb2 29. Kg1 Kf7 30. Kf1 Kf6 31. Re2 Rb1+ 32. Kf2
Rh1 33. Kg3 h5 34. h4 Rb1 35. Kf4 Rb4+ 36. Re4 Rb2 37. g3 Rb5 38. g4 hxg4 39.
fxg4 Rb7 40. h5 Rb5 41. Rc4 g5+ 42. hxg6 Kxg6 43. Rc6+ Kg7 44. g5 Ra5 45. Re6
Ra1 46. Re3 Rf1+ 47. Rf3 Ra1 48. Kf5 Ra5+ 49. Kg4 Ra1 50. Rf4 Rb1 51. Kh5 Rh1+
52. Rh4 Rg1 53. Rh3 Ra1 54. Kg4 Ra4+ 55. Kh5 Ra1 56. Rf3 Rh1+ 57. Kg4 Rg1+ 58.
Kf5 Ra1 59. Rf4 Ra5+ 60. Kg4 Ra1 61. Re4 Rg1+ 62. Kf5 Rf1+ 63. Ke5 Kg6 64. Rf4
Re1+ 1/2-1/2

[Event "Wroclaw op-A 6th"]
[Site "Wroclaw"]
[Date "2011.07.05"]
[Round "2"]
[White "Helaszek, Edward"]
[Black "Piotrowski, Przemyslaw"]
[Result "1-0"]
[WhiteElo "2066"]
[BlackElo "1956"]
[PlyCount "77"]
[EventDate "2011.07.04"]
[EventType "swiss"]
[EventRounds "9"]
[EventCountry "POL"]
[SourceTitle "OM OTB B 201907"]
[Source "Opening Master"]
[SourceDate "2019.07.06"]
[SourceVersion "2"]
[SourceVersionDate "2019.07.06"]
[SourceQuality "1"]

1. e4 c5 2. Nf3 d6 3. d4 cxd4 4. Nxd4 Nf6 5. Nc3 Nc6 6. Be2 e5 7. Nf3 Be7 8.
O-O h6 9. Re1 Be6 10. h3 Qd7 11. Bf1 g5 12. Nh2 Rg8 13. Nd5 Bxd5 14. exd5 Nd4
15. c3 Nf5 16. Ng4 h5 17. Nxf6+ Bxf6 18. Qxh5 g4 19. hxg4 Nh4 20. g5 Rh8 21.
Qe2 Qf5 22. Qe4 Be7 23. Bb5+ Kf8 24. Qxf5 Nxf5 25. g3 Rg8 26. Bd3 Ng7 27. Kg2
Ne8 28. f4 exf4 29. gxf4 Nc7 30. c4 Na6 31. Be3 Nb4 32. Bf5 Rd8 33. a3 Na6 34.
Kf3 b6 35. Rh1 Nc5 36. b4 Nb7 37. Rh7 Rb8 38. Rah1 Nd8 39. Bd4 1-0

[Event "TUR-chT"]
[Site "Konya"]
[Date "2011.07.02"]
[Round "5"]
[White "Gvetadze, Sofio"]
[Black "Nikolova, Adriana"]
[Result "0-1"]
[WhiteElo "2330"]
[BlackElo "2333"]
[PlyCount "100"]
[EventDate "2011.06.28"]
[EventRounds "13"]
[EventCountry "TUR"]
[SourceTitle "OM OTB B 201907"]
[Source "Opening Master"]
[SourceDate "2019.07.06"]
[SourceVersion "2"]
[SourceVersionDate "2019.07.06"]
[SourceQuality "1"]

1. e4 c5 2. Nf3 Nf6 3. Nc3 d6 4. d4 cxd4 5. Nxd4 Nc6 6. Be2 e5 7. Nb3 Be6 8.
Bf3 Be7 9. O-O a5 10. Be3 a4 11. Nc1 Qa5 12. a3 Rd8 13. Nd5 Bxd5 14. exd5 Nb8
15. c4 Nbd7 16. Na2 Rc8 17. Be2 Ne4 18. f3 Nec5 19. Nc3 O-O 20. Rc1 Nb3 21. Rc2
Bd8 22. Kh1 Ra8 23. Nb5 Bb6 24. Bxb6 Qxb6 25. Rc3 Nd4 26. f4 Nxb5 27. cxb5 e4
28. f5 Rfe8 29. Rf4 Nf6 30. h3 Re5 31. Rc4 Qe3 32. Rf1 h6 33. Rd4 Rc8 34. Re1
Qg3 35. Rf1 Qe3 36. Re1 Rc5 37. Bc4 Qf2 38. Rd2 Qf4 39. Rf1 Qg5 40. Be2 Nxd5
41. Rg1 Ne3 42. Qe1 Nxf5 43. g4 Qe3 44. Kh2 Nd4 45. Bd1 Qf4+ 46. Kh1 e3 47.
Rdg2 e2 48. Bxe2 Qe4 49. Qf2 Nxe2 50. Rf1 Re7 0-1

[Event "BEL-ch op"]
[Site "Antwerp"]
[Date "2011.07.02"]
[Round "1.11"]
[White "Chung Choong Lon, Marc"]
[Black "Bomans, Arno"]
[Result "0-1"]
[WhiteElo "1805"]
[BlackElo "2198"]
[PlyCount "66"]
[EventDate "2011.07.02"]
[EventType "swiss"]
[EventRounds "9"]
[EventCountry "BEL"]
[SourceTitle "OM OTB B 201907"]
[Source "Opening Master"]
[SourceDate "2019.07.06"]
[SourceVersion "2"]
[SourceVersionDate "2019.07.06"]
[SourceQuality "1"]

1. e4 c5 2. Nf3 d6 3. d4 cxd4 4. Nxd4 Nf6 5. Nc3 Nc6 6. Be2 e5 7. Nb3 Be7 8.
Be3 O-O 9. Qd2 Be6 10. O-O-O a5 11. Qe1 Qc7 12. Nb5 Qb8 13. Bg5 Nb4 14. Kb1 Rc8
15. Bd3 b6 16. f4 Nxd3 17. Rxd3 Bc4 18. a4 Bxd3 19. cxd3 h6 20. Bh4 Rc6 21. Qe2
Qe8 22. Nd2 Nd7 23. Bxe7 Qxe7 24. f5 Nf6 25. Nc4 d5 26. exd5 Nxd5 27. Qe4 Rd8
28. Nxe5 Rc5 29. Re1 Nf6 30. Qe2 Rcc8 31. Qf3 Qb4 32. Rd1 Qxa4 33. Qb7 Qxd1+
0-1

[Event "HUN-ch U12"]
[Site "Celldoemoelk"]
[Date "2011.06.29"]
[Round "3"]
[White "Szukics, Adam"]
[Black "Ugroczky, Peter"]
[Result "1-0"]
[WhiteElo "1626"]
[BlackElo "1732"]
[PlyCount "59"]
[EventDate "2011.06.27"]
[EventType "swiss"]
[EventRounds "7"]
[EventCountry "HUN"]
[SourceTitle "OM OTB B 201907"]
[Source "Opening Master"]
[SourceDate "2019.07.06"]
[SourceVersion "2"]
[SourceVersionDate "2019.07.06"]
[SourceQuality "1"]

1. e4 c5 2. Nf3 d6 3. d4 cxd4 4. Nxd4 Nf6 5. Nc3 Nc6 6. Be2 e5 7. Nb3 Be7 8.
O-O a6 9. Be3 O-O 10. Kh1 b5 11. a3 Bb7 12. f3 Qc7 13. Qe1 Rfd8 14. Rd1 Nb8 15.
Qg3 Bc8 16. f4 Nbd7 17. fxe5 dxe5 18. Bg5 Kh8 19. Bxf6 Nxf6 20. Nd5 Rxd5 21.
exd5 Bd6 22. c3 e4 23. Qg5 Be5 24. d6 Bxd6 25. Rxf6 Be6 26. Rxe6 fxe6 27. Nd4
h6 28. Qg4 Bxh2 29. Nxe6 Qe5 30. Rd5 1-0

[Event "n8806"]
[Site "www.echecsemail.com"]
[Date "2011.06.29"]
[Round "1"]
[White "Chevretmenth"]
[Black "Breitenbach"]
[Result "1/2-1/2"]
[WhiteElo "2010"]
[BlackElo "2240"]
[PlyCount "54"]
[EventDate "2011.??.??"]
[EventType "tourn"]
[EventRounds "4"]
[EventCountry "BEL"]

1. e4 c5 2. Nf3 Nc6 3. d4 cxd4 4. Nxd4 Nf6 5. Nc3 d6 6. Be2 e5 7. Nf3 Be7 8.
O-O Be6 9. Be3 d5 10. exd5 Nxd5 11. Nxd5 Qxd5 12. c4 Qxd1 13. Rfxd1 O-O 14. b3
Rfd8 15. Ng5 Bxg5 16. Bxg5 f6 17. Bd2 Rd7 18. Bc3 Rad8 19. Rxd7 Rxd7 20. Rd1
Kf7 21. Rxd7+ Bxd7 22. Bd3 Nd4 23. f4 g6 24. Kf2 Nc6 25. fxe5 Nxe5 26. Bc2 Ke6
27. h3 Bc6 1/2-1/2

[Event "Dimitrovgrad Petrosian Memorial op"]
[Site "Dimitrovgrad"]
[Date "2011.06.25"]
[Round "4"]
[White "Skulkin, Nikolay"]
[Black "Suhachev, Viktor"]
[Result "0-1"]
[WhiteElo "1817"]
[BlackElo "1947"]
[PlyCount "42"]
[EventDate "2011.06.18"]
[EventType "swiss"]
[EventRounds "9"]
[EventCountry "RUS"]
[SourceTitle "OM OTB B 201907"]
[Source "Opening Master"]
[SourceDate "2019.07.06"]
[SourceVersion "2"]
[SourceVersionDate "2019.07.06"]
[SourceQuality "1"]

1. e4 c5 2. Nf3 Nc6 3. d4 cxd4 4. Nxd4 Nf6 5. Nc3 d6 6. Be2 e5 7. Nb3 Be7 8.
O-O O-O 9. Be3 a5 10. a4 Nb4 11. f3 Be6 12. Nd2 Rc8 13. Bb5 d5 14. Nxd5 Bxd5
15. exd5 Nfxd5 16. Bf2 Nxc2 17. Rc1 Nce3 18. Bxe3 Nxe3 19. Rxc8 Qxc8 20. Qe1
Nxf1 21. Qxf1 Qc2 0-1

[Event "COL-ch sf"]
[Site "Santa Rosa"]
[Date "2011.06.24"]
[Round "6"]
[White "Herrera, Juan Sebastian"]
[Black "Tovio, Israel"]
[Result "0-1"]
[WhiteElo "2089"]
[BlackElo "2297"]
[PlyCount "70"]
[EventDate "2011.06.22"]
[EventType "swiss"]
[EventRounds "11"]
[EventCountry "COL"]
[SourceTitle "OM OTB B 201907"]
[Source "Opening Master"]
[SourceDate "2019.07.06"]
[SourceVersion "2"]
[SourceVersionDate "2019.07.06"]
[SourceQuality "1"]

1. e4 c5 2. Nf3 d6 3. d4 cxd4 4. Nxd4 Nf6 5. Nc3 Nc6 6. Be2 e5 7. Nb3 Be7 8.
O-O O-O 9. Be3 Be6 10. f4 exf4 11. Rxf4 d5 12. exd5 Nxd5 13. Nxd5 Bxd5 14. Bf2
Bg5 15. Rg4 Bf6 16. c3 Be6 17. Re4 Re8 18. Nd4 Nxd4 19. Bxd4 Bxd4+ 20. Qxd4 Qc7
21. Bf3 a6 22. Rae1 h6 23. Qb4 Rec8 24. R1e3 Rab8 25. Rd4 b5 26. Rd6 a5 27. Qd4
Rd8 28. Rxd8+ Rxd8 29. Qe4 Bxa2 30. Be2 Bc4 31. Bxc4 bxc4 32. g3 Qb6 33. Kf1
Qxb2 34. Qxc4 Qxh2 35. Rd3 Rb8 0-1

[Event "RUS-ch (Women) 61st"]
[Site "Taganrog"]
[Date "2011.06.22"]
[Round "6"]
[White "Kindinova, Ekaterina"]
[Black "Girya, Olga"]
[Result "0-1"]
[WhiteElo "2159"]
[BlackElo "2394"]
[PlyCount "110"]
[EventDate "2011.05.15"]
[EventType "swiss"]
[EventRounds "9"]
[EventCountry "RUS"]
[SourceTitle "OM OTB B 201907"]
[Source "Opening Master"]
[SourceDate "2019.07.06"]
[SourceVersion "2"]
[SourceVersionDate "2019.07.06"]
[SourceQuality "1"]

1. e4 c5 2. Nf3 d6 3. d4 cxd4 4. Nxd4 Nf6 5. Nc3 Nc6 6. Be2 e5 7. Nb3 Be7 8.
O-O O-O 9. f4 a5 10. a4 Nb4 11. Kh1 Be6 12. Be3 Qc7 13. Rc1 Rfd8 14. Nd2 d5 15.
Nb5 Qb8 16. Bb6 Rc8 17. c3 Na6 18. f5 Bd7 19. exd5 Nxd5 20. Nc4 Bc6 21. Bf3 Nf6
22. Nxa5 Nc5 23. b4 Bxf3 24. Rxf3 e4 25. Rf1 Nd3 26. Ra1 Ra6 27. Bg1 b6 28. Nb3
Nb2 29. Qe2 Nd3 30. Nd2 Qa8 31. Bd4 Rxa4 32. Rxa4 Qxa4 33. Bxf6 gxf6 34. Qxe4
Qxb5 35. Qxe7 Qe5 36. Qd7 Rxc3 37. Qd8+ Kg7 38. Qxb6 Qe2 39. h3 Qxd2 40. Qd4
Rc1 41. Qxd3 Qxd3 42. Rxc1 Qxf5 43. Rc3 Qb1+ 44. Kh2 Qxb4 45. Rf3 Qe4 46. Kg3
Qe1+ 47. Kh2 Kg6 48. Rd3 Kf5 49. Rf3+ Ke5 50. Rb3 Qe4 51. Rf3 Qxf3 52. gxf3 Kf4
53. Kg2 Ke3 54. Kg3 f5 55. h4 h5 0-1

[Event "Gatwick e2e4 op-A"]
[Site "Gatwick"]
[Date "2011.06.19"]
[Round "4"]
[White "David, Ivan"]
[Black "Dias, Theodore"]
[Result "1-0"]
[WhiteElo "2214"]
[BlackElo "1789"]
[PlyCount "59"]
[EventDate "2011.06.17"]
[EventType "swiss"]
[EventRounds "5"]
[EventCountry "ENG"]
[SourceTitle "OM OTB B 201907"]
[Source "Opening Master"]
[SourceDate "2019.07.06"]
[SourceVersion "2"]
[SourceVersionDate "2019.07.06"]
[SourceQuality "1"]

1. Nf3 c5 2. e4 Nc6 3. Nc3 d6 4. d4 cxd4 5. Nxd4 Nf6 6. Be2 e5 7. Nb3 Be7 8.
O-O O-O 9. Be3 Be6 10. Kh1 d5 11. exd5 Nxd5 12. Nxd5 Qxd5 13. c3 Rad8 14. Qxd5
Bxd5 15. f4 f5 16. Rad1 Bxb3 17. axb3 e4 18. Bc4+ Kh8 19. b4 a6 20. Bb6 Rxd1
21. Rxd1 Bd8 22. Bc5 Re8 23. Bf7 Rg8 24. Bxg8 Kxg8 25. Rd7 b6 26. Bd6 Bf6 27.
Kg1 a5 28. b5 Nd8 29. Be5 Bxe5 30. Rxd8+ 1-0

[Event "Bucharest Gaudeamus Cup 3rd"]
[Site "Bucharest"]
[Date "2011.06.17"]
[Round "1"]
[White "Cucu, Gheorghe"]
[Black "Senetia, Teodor"]
[Result "0-1"]
[WhiteElo "1843"]
[BlackElo "2198"]
[PlyCount "54"]
[EventDate "2011.06.17"]
[EventType "swiss"]
[EventRounds "5"]
[EventCountry "ROU"]
[SourceTitle "OM OTB B 201907"]
[Source "Opening Master"]
[SourceDate "2019.07.06"]
[SourceVersion "2"]
[SourceVersionDate "2019.07.06"]
[SourceQuality "1"]

1. e4 c5 2. Nf3 d6 3. d4 cxd4 4. Nxd4 Nf6 5. Nc3 Nc6 6. Be2 e5 7. Nb3 Be6 8.
O-O Be7 9. f4 exf4 10. Bxf4 O-O 11. Kh1 Qb6 12. Bf3 Ne5 13. Qe2 Bc4 14. Qf2
Bxf1 15. Qxb6 Bxg2+ 16. Kxg2 axb6 17. Be3 Nxf3 18. Kxf3 Nd7 19. Rg1 f5 20. Nd5
fxe4+ 21. Ke2 Rf7 22. a3 Re8 23. Nd4 Bd8 24. Nf4 Ne5 25. b3 Nf3 26. Rd1 Re5 27.
Nb5 Rxb5 0-1

[Event "Teplice op 6th"]
[Site "Teplice"]
[Date "2011.06.14"]
[Round "4"]
[White "Skara, Vladimir"]
[Black "Jasny, Stanislav"]
[Result "0-1"]
[WhiteElo "2178"]
[BlackElo "2367"]
[PlyCount "116"]
[EventDate "2011.06.11"]
[EventType "swiss"]
[EventRounds "9"]
[EventCountry "CZE"]
[SourceTitle "OM OTB B 201907"]
[Source "Opening Master"]
[SourceDate "2019.07.06"]
[SourceVersion "2"]
[SourceVersionDate "2019.07.06"]
[SourceQuality "1"]

1. e4 c5 2. Nf3 Nc6 3. d4 cxd4 4. Nxd4 Nf6 5. Nc3 d6 6. Be2 e5 7. Nb3 Be7 8.
Be3 O-O 9. f3 a5 10. Bb5 Na7 11. Bc4 a4 12. O-O Nc6 13. Nc1 a3 14. b3 Qa5 15.
N1e2 Nb4 16. Nd5 Nfxd5 17. Bxd5 Nxd5 18. Qxd5 Qxd5 19. exd5 Bf5 20. c4 Bd3 21.
Nc3 Bxf1 22. Rxf1 Ra6 23. Nb5 Rc8 24. Bd2 Bd8 25. Kh1 f5 26. Bb4 Be7 27. g3 g6
28. Rf2 Kg7 29. Re2 Kf6 30. Kg2 h5 31. f4 e4 32. h4 Bf8 33. Bxa3 Kf7 34. Bb4
Ke7 35. Kf2 Bg7 36. Ke3 Kd7 37. Rc2 Rb6 38. a4 Rxb5 39. axb5 Ra8 40. Bc3 Bxc3
41. Rxc3 Ra2 42. b4 Rg2 43. Kd4 Rb2 44. Ra3 Rxb4 45. Kc3 Rb1 46. Ra8 Kc7 47.
Rg8 Kb6 48. Rxg6 Kc5 49. Rg7 Rc1+ 50. Kb3 e3 51. Re7 Kd4 52. Re6 Kd3 53. Rxd6
e2 54. Re6 Rb1+ 55. Ka3 e1=Q 56. Rxe1 Rxe1 57. c5 Kc4 58. c6 bxc6 0-1

[Event "OEsterreichische Meisterschaften"]
[Site "Altenmarkt, Jugendgaestehaus "]
[Date "2011.06.13"]
[Round "6.1"]
[White "Hofer, Emilian"]
[Black "Proyer, Enno"]
[Result "1/2-1/2"]
[WhiteElo "1831"]
[BlackElo "1830"]
[PlyCount "68"]
[EventDate "2011.06.11"]
[EventRounds "7"]
[EventCountry "AUT"]
[SourceTitle "OM OTB B 201907"]
[Source "Opening Master"]
[SourceDate "2019.07.06"]
[SourceVersion "2"]
[SourceVersionDate "2019.07.06"]
[SourceQuality "1"]

1. e4 c5 2. Nf3 d6 3. d4 cxd4 4. Nxd4 Nf6 5. Nc3 Nc6 6. Be2 e5 7. Nb3 Be7 8.
O-O O-O 9. Kh1 a5 10. a4 Nb4 11. f4 d5 12. exd5 exf4 13. Bf3 Bf5 14. Nd4 Bg6
15. d6 Bxd6 16. Bxb7 Rb8 17. Bf3 Be5 18. Ncb5 Rb6 19. Be2 Bxd4 20. Nxd4 Rd6 21.
c3 Nc2 22. Bxf4 Rxd4 23. cxd4 Nxa1 24. Qxa1 Qxd4 25. Qa3 Ne4 26. Be3 Qe5 27.
Bf3 Rb8 28. Rd1 h6 29. Bd4 Qe6 30. Qe3 Rb4 31. Re1 Ng5 32. Qc3 Ne4 33. Qe3 Ng5
34. Qc3 Ne4 1/2-1/2

[Event "Fourmies op 35th"]
[Site "Fourmies"]
[Date "2011.06.12"]
[Round "5"]
[White "Kilthau, Peter"]
[Black "Strugnell, Carl"]
[Result "0-1"]
[WhiteElo "1978"]
[BlackElo "2275"]
[PlyCount "38"]
[EventDate "2011.06.11"]
[EventType "swiss"]
[EventRounds "7"]
[EventCountry "FRA"]
[SourceTitle "OM OTB B 201907"]
[Source "Opening Master"]
[SourceDate "2019.07.06"]
[SourceVersion "2"]
[SourceVersionDate "2019.07.06"]
[SourceQuality "1"]

1. e4 c5 2. Nf3 d6 3. d4 cxd4 4. Nxd4 Nf6 5. Nc3 Nc6 6. Be2 e5 7. Nb3 Be7 8.
O-O O-O 9. Be3 a5 10. a4 Nb4 11. f3 Be6 12. Nb5 d5 13. c3 Na6 14. Nd2 Bc5 15.
Bxc5 Nxc5 16. exd5 Nxd5 17. Nc4 Qg5 18. Qc1 Nf4 19. Rf2 Nb3 0-1

[Event "Tournament (open) \"]
[Site "Dresden (Germany)"]
[Date "2011.06.12"]
[Round "4"]
[White "Fruebing, Stefan"]
[Black "Fuchs, Florian"]
[Result "0-1"]
[WhiteElo "2373"]
[BlackElo "2099"]
[PlyCount "128"]
[EventDate "2011.??.??"]
[EventRounds "5"]
[EventCountry "GER"]
[SourceTitle "OM OTB B 201907"]
[Source "Opening Master"]
[SourceDate "2019.07.06"]
[SourceVersion "2"]
[SourceVersionDate "2019.07.06"]
[SourceQuality "1"]

1. e4 c5 2. Nf3 Nc6 3. Nc3 d6 4. d4 cxd4 5. Nxd4 Nf6 6. Be2 e5 7. Nf3 h6 8. O-O
Be7 9. Re1 O-O 10. h3 Be6 11. Bf1 Nb8 12. b3 Nbd7 13. Bb2 a6 14. a4 Rc8 15. Qd2
Qc7 16. Rac1 Qc6 17. b4 Nb6 18. b5 axb5 19. Bxb5 Qc5 20. Ba1 Ra8 21. Qe3 Nfd7
22. Rcd1 Qxe3 23. Rxe3 Nc5 24. Nd5 Nxd5 25. exd5 Bf5 26. Bxe5 dxe5 27. Rxe5
Bxc2 28. Rc1 Bd6 29. Rxc2 Bxe5 30. Rxc5 Bd6 31. Rc4 Rfc8 32. Nd2 Kf8 33. Kf1
Rxc4 34. Nxc4 Ke7 35. Ke2 Bc5 36. f4 Rd8 37. Na5 Rxd5 38. Nxb7 Bb4 39. Bc6 Rd2+
40. Ke3 Rc2 41. Bd5 Rd2 42. Bc6 f5 43. Kf3 Rc2 44. Bd5 Kd7 45. a5 Rc3+ 46. Kf2
Ra3 47. Bc4 Bxa5 48. Nc5+ Ke7 49. Nd3 Kf6 50. Bb5 Bc7 51. Kf3 Bd6 52. Bc4 Rc3
53. Bb5 Ke6 54. Ke3 Kd5 55. Ba6 Bc5+ 56. Ke2 Kd4 57. Ne5 Re3+ 58. Kf1 Ke4 59.
Be2 Ra3 60. g4 Ra2 61. gxf5 Ke3 62. Bc4 Rf2+ 63. Kg1 Rxf4 64. Kh1 Re4 0-1

[Event "Fourmies op 35th"]
[Site "Fourmies"]
[Date "2011.06.12"]
[Round "3"]
[White "Roule, Alexandre"]
[Black "Capone, Nicola"]
[Result "0-1"]
[WhiteElo "1460"]
[BlackElo "1970"]
[PlyCount "36"]
[EventDate "2011.06.11"]
[EventType "swiss"]
[EventRounds "7"]
[EventCountry "FRA"]
[SourceTitle "OM OTB B 201907"]
[Source "Opening Master"]
[SourceDate "2019.07.06"]
[SourceVersion "2"]
[SourceVersionDate "2019.07.06"]
[SourceQuality "1"]

1. e4 c5 2. Nf3 d6 3. d4 cxd4 4. Nxd4 Nf6 5. Nc3 Nc6 6. Be2 e5 7. Ndb5 a6 8.
Na3 b5 9. Nd5 Nxe4 10. Bf3 f5 11. Bxe4 fxe4 12. Ne3 Be6 13. c3 Be7 14. Qc2 d5
15. O-O O-O 16. Rd1 Qd7 17. c4 Nd4 18. Qc3 Ne2+ 0-1

[Event "X Equipo "]
[Site "San Jose"]
[Date "2011.06.12"]
[Round "1.1"]
[White "Juarez, Carlos"]
[Black "Duran, Sergio"]
[Result "1-0"]
[WhiteElo "2340"]
[BlackElo "2326"]
[PlyCount "83"]
[EventDate "2011.03.27"]
[EventType "match"]
[EventRounds "4"]
[EventCountry "CRI"]
[SourceTitle "OM OTB B 201907"]
[Source "Opening Master"]
[SourceDate "2019.07.06"]
[SourceVersion "2"]
[SourceVersionDate "2019.07.06"]
[SourceQuality "1"]

1. e4 c5 2. Nf3 d6 3. d4 cxd4 4. Nxd4 Nf6 5. Nc3 Nc6 6. Be2 e5 7. Nb3 Be7 8.
O-O O-O 9. f4 a5 10. a4 Nb4 11. Kh1 Be6 12. f5 Bd7 13. Bg5 Bc6 14. Bxf6 Bxf6
15. Nd5 Nxd5 16. exd5 Bd7 17. Nd2 e4 18. Nxe4 Bxb2 19. Rb1 Qh4 20. Rxb2 Qxe4
21. f6 Rab8 22. Qd2 Rfe8 23. Bd3 Qe3 24. Qxa5 Bg4 25. Rbb1 b6 26. Qb4 Qg5 27.
Qxd6 Rbd8 28. Rbe1 gxf6 29. Qxb6 Kg7 30. Rxe8 Rxe8 31. Qf2 Re5 32. h4 Qh6 33.
Qg3 Qh5 34. Rf4 f5 35. d6 Kf6 36. Rd4 Re8 37. d7 Rd8 38. Qd6+ Kg7 39. Qe7 Qh6
40. Qxd8 Qc1+ 41. Kh2 h6 42. Qe7 1-0